Animal JUMBLE! Quiz Stats

Quiz not verified by Sporcle

Also try: 'U' Blitz
Challenge
Share
Tweet
Embed
Score 0/8 Timer 01:00
0 Plays Today
Jumbled Word Animal % Correct
gdoDog
98.5%
tcaCat
93.6%
bitabrRabbit
81.1%
hsifFish
79.2%
panhtleeElephant
78.4%
eipnroucpPorcupine
63.3%
hpnioldDolphin
62.5%
yusplptaPlatypus
59.5%

You're not logged in!

Compare scores with friends on all Sporcle quizzes.
Sign Up with Email
OR
Log In

You Might Also Like...

Show Comments

Extras

Top Quizzes Today


Score Distribution

Your Account Isn't Verified!

In order to create a playlist on Sporcle, you need to verify the email address you used during registration. Go to your Sporcle Settings to finish the process.